History Quiz

Random History or War Quiz

American Civil War Sorting Gallery Quiz Stats

 Plays Quiz Updated Jun 26, 2017

Support Sporcle.
Go Orange.
Score 0/66 Timer 08:00
13 Plays Today
% Correct
Virginia
94.3%
Alabama
94.1%
Mississippi
93.7%
Georgia
93.4%
Tennessee
93.1%
Florida
93%
Arkansas
92.4%
Louisiana
90.9%
Texas
90.8%
South Carolina
89.6%
North Carolina
89.3%
1st Bull Run
79.5%
Robert E. Lee
78.3%
Fredericksburg
77.7%
Republican
77.2%
Nevada
74.1%
Chancellorsville
73.9%
Jefferson Davis
73.7%
West Virginia
72.7%
Camp Sumter (Andersonville)
71.4%
George B. McClellan
68.9%
Southern Democratic
66.9%
Constitutional Union
66.3%
Petersburg
65.9%
George G. Meade
65.9%
Democratic
65.1%
Camp Douglas
64.8%
J.E.B. Stuart
63.3%
Red River Campaign
63%
Cold Harbor
61.9%
Thomas J. Jackson
61.9%
Seven Pines
61.8%
Ambrose E. Burnside
61%
% Correct
Picacho Pass
60.1%
Pea Ridge
59%
Galveston
57.9%
Edwin M. Stanton
57.7%
Samuel Mudd
57.3%
Nathan Bedford Forrest
56.6%
Mary Surratt
56.6%
Sabine Pass
56.3%
Joseph E. Johnston
56.1%
Spotsylvania Court House
55.7%
Glorieta Pass
55.5%
James Longstreet
55.5%
William H. Seward
54.5%
Wilderness
53.9%
George Atzerodt
53.6%
Malvern Hill
53.4%
Braxton Bragg
53.2%
Wilson's Creek
52.9%
Edmund Spangler
51.8%
Joseph Hooker
51.4%
Salmon P. Chase
50.5%
David Herold
48.9%
Hannibal Hamlin
46.6%
Samuel Arnold
44.5%
Lewis Powell
43%
Jubal Early
43%
A.P. Hill
42.7%
New Market
42%
Michael O'Laughlen
41.3%
Gideon Welles
40%
Irvin McDowell
32.7%
John P. Usher
32.1%
Elmira
30.2%

You're not logged in!

Compare scores with friends on all Sporcle quizzes.
OR
Log In
Forgot?

From the Vault

6-Letter Country 'Blitz'

by manonthemoon

This quiz will give you fits if you don't have the wits to handle this blitz.
Remove Ads.
Support Sporcle.
Get the best of Sporcle when you Go Orange. This ad-free experience offers more features, more stats, and more fun while also helping to support Sporcle. Thank you for becoming a member.

Show Comments

Extras

Top Quizzes Today


Score Distribution

Your Account Isn't Verified!

In order to create a playlist on Sporcle, you need to verify the email address you used during registration. Go to your Sporcle Settings to finish the process.

Report this User

Report this user for behavior that violates our Community Guidelines.

Details: